Online
Catalog

Obra completa / (Record no. 10328)

MARC details
000 -CABECERA
campo de control de longitud fija 01353cam a2200301 a 4500
001 - NÚMERO DE CONTROL
campo de control 000010570
005 - FECHA Y HORA DE LA ÚLTIMA TRANSACCIÓN
campo de control 20200929162242.0
008 - DATOS DE LONGITUD FIJA--INFORMACIÓN GENERAL
campo de control de longitud fija 930129s1990 ag ach b 000 0 spa
020 ## - NÚMERO INTERNACIONAL ESTÁNDAR DEL LIBRO
Número Internacional Estándar del Libro 8400070321
035 ## - NÚMERO DE CONTROL DEL SISTEMA
Número de control de sistema (DLC) 93109226
040 ## - FUENTE DE LA CATALOGACIÓN
Centro catalogador/agencia de origen DO-SdBNP
Lengua de catalogación spa
Centro/agencia transcriptor DLC
Centro/agencia modificador BNPHU
082 ## - NÚMERO DE LA CLASIFICACIÓN DECIMAL DEWEY
Número de clasificación C861.2
Número de documento/Ítem S586ó
049 ## - FONDOS LOCALES (OCLC)
Fondos de biblioteca BNGR
100 1# - ENTRADA PRINCIPAL--NOMBRE DE PERSONA
Nombre de persona Silva, José Asunción,
Fechas asociadas al nombre 1865-1896.
9 (RLIN) 25642
245 10 - MENCIÓN DE TÍTULO
Título Obra completa /
Mención de responsabilidad, etc. José Asunción Silva ; coordinador Héctor H. Orjuela.
250 ## - MENCIÓN DE EDICIÓN
Mención de edición ed. crítica.
260 ## - PUBLICACIÓN, DISTRIBUCIÓN, ETC.
Lugar de publicación, distribución, etc. Argentina :
Nombre del editor, distribuidor, etc. Ministerio de Relaciones Exteriores ;
Lugar de publicación, distribución, etc. Brasil :
Nombre del editor, distribuidor, etc. Consejo Nacional de Desenvolvimiento Científico y Tecnológico ;
Lugar de publicación, distribución, etc. Colombia :
Nombre del editor, distribuidor, etc. Pesidencia de la República ;
Lugar de publicación, distribución, etc. México :
Nombre del editor, distribuidor, etc. Consejo Nacional para la Cultura y las Artes ;
Lugar de publicación, distribución, etc. España :
Nombre del editor, distribuidor, etc. Consejo Superior de Investigaciones Científicas,
Fecha de publicación, distribución, etc. 1990.
300 ## - DESCRIPCIÓN FÍSICA
Extensión xl, 748 p. :
Otras características físicas il., retrs., fascím. ;
Dimensiones 25 cm.
490 1# - MENCIÓN DE SERIE
Mención de serie Archivos
Designación de volumen o secuencia 7
504 ## - NOTA DE BIBLIOGRAFÍA, ETC.
Nota de bibliografía, etc. Incluye bibliografía: (p. 703-715).
600 10 - PUNTO DE ACCESO ADICIONAL DE MATERIA--NOMBRE DE PERSONA
Nombre de persona SILVA, JOSÉ ASUNCIÓN,
Fechas asociadas al nombre 1865-1896.
Subdivisión general CRÍTICA E INTERPRETACIÓN
9 (RLIN) 19183
650 #4 - PUNTO DE ACCESO ADICIONAL DE MATERIA--TÉRMINO DE MATERIA
Término de materia o nombre geográfico como elemento de entrada Poetas colombianos
Subdivisión general Crítica e interpretación
9 (RLIN) 25643
650 #4 - PUNTO DE ACCESO ADICIONAL DE MATERIA--TÉRMINO DE MATERIA
Término de materia o nombre geográfico como elemento de entrada Poesía colombiana
9 (RLIN) 3742
650 #4 - PUNTO DE ACCESO ADICIONAL DE MATERIA--TÉRMINO DE MATERIA
Término de materia o nombre geográfico como elemento de entrada Literatura colombiana
Subdivisión general Crítica e interpretación
Subdivisión cronológica SIGLO XIX
9 (RLIN) 25644
700 1# - PUNTO DE ACCESO ADICIONAL--NOMBRE DE PERSONA
Nombre de persona Orjuela, Hector H.
9 (RLIN) 25645
830 #0 - PUNTO DE ACCESO ADICIONAL DE SERIE-TÍTULO UNIFORME
Título uniforme Archivos ;
Designación de volumen o secuencia 7
9 (RLIN) 14634
910 ## - DATOS DE OPCIÓN DEL USUARIO (OCLC)
Datos de opción del usuario Catalogación por copia / LC
Holdings
Estado de retiro Estado de pérdida Restricciones de uso No para préstamo Código de colección Localización permanente Ubicación/localización actual Ubicación en estantería Fecha de adquisición Número de inventario Total de préstamos Signatura topográfica completa Código de barras Fecha visto por última vez Precio válido a partir de Tipo de ítem Koha
    Préstamo interno   Monografías: Libros y Folletos General General En catalogación 07.10.2009 LF1   C861.2 S586ó 10570-10 25.06.2020 25.06.2020 Préstamo interno

Powered by Koha